Moses, the deliverer. (Record no. 3732)

000 -LEADER
fixed length control field 00718nam a2200217 a 4500
001 - CONTROL NUMBER
control field :::00001464$&:&@@
003 - CONTROL NUMBER IDENTIFIER
control field OkBaRHE
005 - DATE AND TIME OF LATEST TRANSACTION
control field 20000607103244.0
008 - FIXED-LENGTH DATA ELEMENTS--GENERAL INFORMATION
fixed length control field s1964 j 000 0 eng u
040 ## - CATALOGING SOURCE
Transcribing agency
100 1# - MAIN ENTRY--PERSONAL NAME
Personal name Lindsay, Gordon.
245 10 - TITLE STATEMENT
Title Moses, the deliverer.
260 ## - PUBLICATION, DISTRIBUTION, ETC. (IMPRINT)
Place of publication, distribution, etc Dallas, TX., :
Name of publisher, distributor, etc Christ For The Nations
Date of publication, distribution, etc 1964
300 ## - PHYSICAL DESCRIPTION
Extent 31 p. ;
Dimensions 22 cm.
490 0# - SERIES STATEMENT
Series statement Through the Bible series, vol. 9.
650 ## - SUBJECT ADDED ENTRY--TOPICAL TERM
Topical term or geographic name as entry element Bible Old Testament Pentateuch
650 ## - SUBJECT ADDED ENTRY--TOPICAL TERM
Topical term or geographic name as entry element Moses.
942 ## - ADDED ENTRY ELEMENTS (KOHA)
Source of classification or shelving scheme
Koha item type Books
Copies
Koha item type Shelving location Permanent Location Date last seen Withdrawn status Source of classification or shelving scheme Date acquired Barcode Copy number Damaged status Full call number Price effective from Not for loan Lost status
BooksGeneral StacksRHEMA Bible Training College2010-04-14  2010-04-1414641 BS 580 .M6L52010-04-14  
BooksGeneral StacksRHEMA Bible Training College2010-04-14  2010-04-14169622 BS 580 .M6L52010-04-14